Monitoring of inorganic chemical parameters in river Danube, Novi Sad, Serbia
Because of the importance Danube river has on the region and the population affected by it is essential to maintain constant monitoring. With new emerging pollutants every day and regular threats one of the crucial goals is to investigate the causes of possible contamination with the acquisition of...
Elmentve itt :
| Szerzők: | |
|---|---|
| Testületi szerző: | |
| Dokumentumtípus: | Könyv része |
| Megjelent: |
2017
|
| Sorozat: | Proceedings of the International Symposium on Analytical and Environmental Problems
23 |
| Kulcsszavak: | Szervetlen kémia, Analitikai kémia |
| Online Access: | http://acta.bibl.u-szeged.hu/56203 |
| LEADER | 01700naa a2200289 i 4500 | ||
|---|---|---|---|
| 001 | acta56203 | ||
| 005 | 20260224081030.0 | ||
| 008 | 190102s2017 hu o 100 eng d | ||
| 020 | |a 978-963-306-563-1 | ||
| 040 | |a SZTE Egyetemi Kiadványok Repozitórium |b hun | ||
| 041 | |a eng | ||
| 100 | 1 | |a Obrovski Boris | |
| 245 | 1 | 0 | |a Monitoring of inorganic chemical parameters in river Danube, Novi Sad, Serbia |h [elektronikus dokumentum] / |c Obrovski Boris |
| 260 | |c 2017 | ||
| 300 | |a 265-268 | ||
| 490 | 0 | |a Proceedings of the International Symposium on Analytical and Environmental Problems |v 23 | |
| 520 | 3 | |a Because of the importance Danube river has on the region and the population affected by it is essential to maintain constant monitoring. With new emerging pollutants every day and regular threats one of the crucial goals is to investigate the causes of possible contamination with the acquisition of new, until then unknown information. To be able to achieve quality investigation and to acquire new information special monitoring has been conducted, in which quantitative analysis of key physical-chemical parameters in water body was carried out with laboratory methods. | |
| 695 | |a Szervetlen kémia, Analitikai kémia | ||
| 700 | 0 | 1 | |a Bajić Jovan |e aut |
| 700 | 0 | 1 | |a Mihajlović Ivana |e aut |
| 700 | 0 | 2 | |a Vojinović Miloradov Mirjana |e aut |
| 700 | 0 | 2 | |a Šunjevic Miljan |e aut |
| 700 | 0 | 2 | |a Bežanović Veselin |e aut |
| 700 | 0 | 2 | |a Adamović Dragan |e aut |
| 700 | 0 | 2 | |a Rajs Vladimir |e aut |
| 710 | |a International Symposium on Analytical and Environmental Problems (23.) (2017) (Szeged) | ||
| 856 | 4 | 0 | |u http://acta.bibl.u-szeged.hu/56203/1/proceedings_of_isaep_2017_265-268.pdf |z Dokumentum-elérés |